000 00425nam a2200169 a 4500
001 0000-8837
003 ELIB.Books
008 110520 2006
035 _a(ELIB.Books)0000-8983
082 _aB.Th
_bHte
100 _aHtet, Saw
245 _aThree Vital men of God
260 _bInsein: Karen Baptist Theolgical Seminary
_c2006
650 _aThesis
942 _2ddc
_cBK
998 _cbat
_e2011-05-20
999 _c8837
_d8837